Il Satiricon /

Gespeichert in:
Bibliographische Detailangaben
1. Verfasser: Petronius Arbiter (Verfasst von)
Weitere Verfasser: Abadra, Abrio
Format: Buch
Sprache:Italienisch
Veröffentlicht: Milano : Ortles, stampa 1969
Schriftenreihe:Scrittori immortali ; 2
Tags: Tag hinzufügen
Keine Tags, Fügen Sie das erste Tag hinzu!

MARC

LEADER 00000nam a22000007i 4500
001 IT\ICCU\SBL\0370902
003 ItRI
005 20250419172730.0
008 910930s1969 it |||||| ||||| |||||c
015 |2 IT  |a 692550 
040 |b ita  |c Arcigay Genova 
041 7 |a ita  |2 ISO-639-2 
082 |a 877  |2 16 
082 |a 877  |2 17 
100 0 |a Petronius Arbiter  |0 IT\ICCU\CFIV\015971  |4 aut 
240 1 0 |a Satyricon  |9 Petronius Arbiter 
245 1 3 |a Il Satiricon /  |c Petronio Arbitro. 
260 |a Milano :  |b Ortles,  |c stampa 1969 
300 |a 255 p. ;  |c 22 cm 
500 |a Trad. A. Abadra. 
700 1 |a Abadra, Abrio  |0 IT\ICCU\SBLV\058942 
830 0 |a Scrittori immortali ;  |v 2  |0 IT\ICCU\SBL\0066621 
942 |2 ddc  |c BK 
952 |0 0  |1 0  |2 ddc  |4 0  |6 877_000000000000000_PET_SAT  |7 1  |9 3924  |a GE  |b GE  |d 2025-04-19  |l 0  |o 877 PET SAT  |p 1569  |r 2025-04-19 17:29:13  |w 2025-04-19  |x Donazione di Alvaro Bazzano  |y BK  |z Donazione AB 
981 1 |6 z01  |a i   |b xxxe  
982 1 |6 z01  |a n 
999 |c 3051  |d 3051